000 00471nam a2200181Ia 4500
008 131103s9999 xx 000 0 und d
020 _a8172230575
040 _aLoreto College
041 _aEnglish
082 _aCHBK-II/RAM
_bLCBED/12120
100 _aRamnarayan, Gowri
245 _aAbu's world
_cGowri Ramnarayan
260 _aDelhi
_bHarper & Collins
_c1992
300 _a59p.
_b ills.
_c 19cm.
650 _aCHBK-II
850 _aLCBED/CHBK-II/RAM
942 _cBK
999 _c31305
_d81784